000 01001nam a2200349 a 4500
003 AR-BaBNM
005 20251128204340.0
008 082120s2002 ||||||||||||||000 | spa||
020 _a968-853-044-1
040 _cAR-BaBNM
100 1 _aJung, Carl Gustav
245 0 0 _aPsicología y educación
250 _a3ª ed.
260 _aMéxico, D.F.
_aBuenos Aires
_bPaidós
_c1985
300 _a101 p.
490 0 _aBiblioteca de psicopedagogía Paidós
_vv. 6
500 _aVersión castellana por Ida German de Butelman
500 _aPrólogo para la edición castellana por Pedro Rapela
500 _aPrólogo para le tercera edición por el autor
650 4 _aPSICOLOGIA DE LA EDUCACION
650 4 _aPSICOLOGIA DEL NIÑO
650 4 _aFILOSOFIA
650 4 _aRELIGION
650 4 _aPEDAGOGIA
650 4 _aCONDUCTA
650 4 _aINCONSCIENTE
650 4 _aNEUROSIS
650 4 _aTRASTORNOS EMOCIONALES
653 _aDISCAPACIDAD MENTAL
942 _cBK
998 _cCarmen
999 _c7108
_d7108